<?xml version="1.0" encoding="UTF-8"?>
<marc:record xmlns:marc="http://www.loc.gov/MARC21/slim">
   <marc:leader>00000nam a2200000 a 4500</marc:leader>
   <marc:datafield ind1="1" ind2=" " tag="100">
      <marc:subfield code="a">Treiber, Rudi</marc:subfield>
      <marc:subfield code="4">aut</marc:subfield>
      <marc:subfield code="e">Verfasser/-in</marc:subfield>
   </marc:datafield>
   <marc:datafield ind1=" " ind2=" " tag="653">
      <marc:subfield code="a">Griechenland</marc:subfield>
   </marc:datafield>
   <marc:datafield ind1=" " ind2=" " tag="653">
      <marc:subfield code="a">Rucksäcke</marc:subfield>
   </marc:datafield>
   <marc:datafield ind1=" " ind2=" " tag="653">
      <marc:subfield code="a">Urlaub</marc:subfield>
   </marc:datafield>
   <marc:datafield ind1=" " ind2=" " tag="653">
      <marc:subfield code="a">Abenteuer</marc:subfield>
   </marc:datafield>
   <marc:datafield ind1="0" ind2="0" tag="245">
      <marc:subfield code="a">Mein verrücktes Griechenland</marc:subfield>
   </marc:datafield>
   <marc:datafield ind1="0" ind2="0" tag="245">
      <marc:subfield code="b">vom Rucksacktouristen zum Olivenhainbesitzer</marc:subfield>
   </marc:datafield>
   <marc:datafield ind1="0" ind2="0" tag="245">
      <marc:subfield code="c">Rudi Treiber</marc:subfield>
   </marc:datafield>
   <marc:datafield ind1=" " ind2="1" tag="264">
      <marc:subfield code="b">Karina Verlag</marc:subfield>
      <marc:subfield code="c">2021</marc:subfield>
   </marc:datafield>
   <marc:datafield ind1="1" ind2=" " tag="520">
      <marc:subfield code="a">Limitierte Sonderausgabe. Hardcover und in angenehm großer Schrift. Reichlich bebildert. Zum Inhalt: Wie das Leben so spielt, sind die Wege des Schicksals unergründlich. Rudi Treibers erste Reise als Rucksacktourist per Autostopp führte ihn in das Land der Götter nahe dem Olymp. Nicht ahnend, dass dieses Land sich als seine zweite Heimat entpuppen würde. Gefesselt von der Ruhe, den Menschen, der Natur und dem einfachen Leben, verwurzelte er sich immer mehr mit Griechenland. In diesem Werk erzählt der Musiker, Maler und ehemalige Lehrer über seine Erlebnisse auf dem Weg vom Touristen zum Olivenhainbesitzer und geschätztem Bürger eines kleinen griechischen Dorfes. Sonderausgabe der Edition ModernLinePublishing Die Auslieferung erfolgt durch KarinaVerlag-ModernLinePublishung, Wien.</marc:subfield>
   </marc:datafield>
   <marc:datafield ind1=" " ind2=" " tag="020">
      <marc:subfield code="a">9783903161801</marc:subfield>
      <marc:subfield code="9">9783903161801</marc:subfield>
   </marc:datafield>
   <marc:datafield ind1=" " ind2=" " tag="020">
      <marc:subfield code="a">3903161802</marc:subfield>
      <marc:subfield code="9">3903161802</marc:subfield>
   </marc:datafield>
   <marc:datafield ind1=" " ind2=" " tag="300">
      <marc:subfield code="a">260 S.</marc:subfield>
   </marc:datafield>
</marc:record>
